[Event "World Cup"]
[Site "Brussels BEL"]
[Date "1988.??.??"]
[Round "?"]
[White "Timman, Jan H"]
[Black "Winants, Luc"]
[Result "1-0"]
[WhiteElo "2675"]
[BlackElo "2465"]
[EventDate "1988.04.??"]
[PlyCount "47"]
[EventType "tourn"]
[EventRounds "17"]
[EventCountry "BEL"]
[EventCategory "15"]
[Source "ChessBase"]
[SourceDate "1988.12.01"]
[WhiteTeamCountry "BIH"]
[BlackTeamCountry "GER"]

1. d4 Nf6 2. c4 e6 3. Nc3 Bb4 4. Bg5 h6 5. Bh4 c5 6. d5 d6 7. e3 g5 8. Bg3
Ne4 9. Qc2 Qf6 10. Ne2 {Black chose a natural move} 10. ... exd5 D {He 
assumed that after White
recaptured, 11 cxd5, he would obtain good play with 11. . .Bf5. The bishop
move protects the e4-knight and threatens to discover an attack on the 
White
queen ( 12 . . .Nxg3, 12 . . .Nxc3, 12 . . . Nxf2).

But consider the diagram a little more. What strikes you about White's
position?
There are a lot of things to focus on. But White realized that what really
matters is that he has a slight lead in development. Four of his pieces 
are out,
compared with three for Black. That didn 't change after 10 . . . exd5 
because the
capture is not a developing move.
Black believed he had made a forcing move. But even in a complex position
like this, development matters more. White lengthened his lead with} 11. 
O-O-O! {Castling like this is the kind of magic-move that some amateurs 
marvel at.
But it isn't magic. It's appreciating how development trumps material once
again. (Paul Morphy would have spotted 1 1 0-0-0! immediately.)} ( 11. 
cxd5 Bf5 12. Qb3 Nd7 13. f3 Nxg3 14. Nxg3 = ) 11. ... Bxc3? ( 11. ... Nxg3
! 12. Nxg3 Bxc3 13. Qxc3 Qxc3+ 14. bxc3 Nc6 = ) 12. Nxc3 Nxc3 13. Qxc3! {
Black didn't have a good alternative ( 1 3 . . . d4 14 exd4 Nc6
15 Qe3+!) so he went reluctantly into the endgame,} 13. ... Qxc3+ ( 
13. ... d4 14. exd4 Nc6 15. Qe3+ Qe7 16. Bxd6 ) ( 13. ... Nd7 14. Rxd5 
Qxc3+ 15. bxc3 Nf6 +/- ) 14. bxc3 dxc4 15. Bxc4 {This truly strips the 
position down to its most important elements. All the
extraneous factors are gone.
Black will lose the d6-pawn and material will become equal. But White's
active pieces, particularly the two bishops, confer a huge edge. He has a 
choice
of strong continuations, e.g.} 15. ... Be6 ( 15. ... Nc6 16. Bxd6 b6 17. 
Rd2 ) 16. Bxe6 fxe6 17. Rxd6 Ke7 18. Rhd1 Kf6 19. f4 Nc6 20. fxg5+ hxg5 
21. Rd7 b6 22. Rf1+ Kg6 23. Rd6 Nd8?? 24. Be5 ( 24. Be5 Rh7 ( 24. ... Re8?
25. Rd7 +-- ) 25. Rf8 Rf7 26. Rg8+ Kf5 27. Bg3 c4 28. e4+ Kg4 29. Rgxd8 ) 
1-0

[Event "PCA-World Championship"]
[Site "New York, NY USA"]
[Date "1995.09.21"]
[Round "7"]
[White "Anand, Viswanathan"]
[Black "Kasparov, Garry"]
[Result "1/2-1/2"]
[WhiteElo "2725"]
[BlackElo "2795"]
[EventDate "1995.09.??"]
[Annotator "Seirawan"]
[EventType "match"]
[EventRounds "18"]
[EventCountry "USA"]
[Source "ChessBase"]
[SourceDate "2004.01.01"]
[WhiteTeamCountry "FRA"]
[BlackTeamCountry "FRA"]

1. e4 c5 2. Nf3 d6 3. d4 cxd4 4. Nxd4 Nf6 5. Nc3 a6 6. Be2 {Anand sticks 
to 6. Be2, the most controlled response to the Najdorf. Prior to this 
match he had played that move on a couple of occasions, but had also 
experimented with 6.a4, 6.Bc4 and 6.Be3. Interestingly, it appears he has 
never employed the sharpest rejoinder to the Najdorf - 6.Bg5..} 6. ... e6 
{Anand also plays the Najdorf, but prefers the more double-edged 6...e5. 
It now transposes into the Scheveningen.} 7. O-O Be7 8. a4 Nc6 9. Be3 O-O 
10. f4 Qc7 11. Kh1 Re8 12. Bd3 Nb4 13. a5 Bd7 14. Nf3 Rac8 15. Bb6 {A 
refinement on game five, where 15.Qe2 Bc6 16.Bb6 was played.} 15. ... Qb8 
{#} 16. e5 {This double-edged move was played instantly and is very likely
the product of work Anand's team (GMs Yusupov, Speelman, Ubilava and 
Wolff) did over the free day. Kasparov was critical of it in his analysis 
in the VIP room after the game. He said "it doesn't really make sense to 
open the position without any concrete gain."} 16. ... dxe5 17. fxe5 D {
Do's and Don'ts

Figuring out what matters most is hard. What makes it hard is that from 
our
first days of studying chess we are bombarded with do's and don'ts.

At first, these tips seem like a godsend. They give you a way to evaluate
positions. You decide to advance a knight because you were told the value 
of
outposts. You shift a rook because you read about how good it is to 
control an
open file.

But after you've digested another bushel or two of do's and don'ts you
realize that some conflict with others. You can't obey all of them in the 
same
position. As a result, you can find yourself more confused than you were 
before
you had any advice. This is painfully clear in the games of some novices 
who
talk themselves out of winning a knight because it would mean doubling 
their
pawns.

Here's how a master puts pawn structure in perspective.
On general principles Black has to be wary of putting his attacked knight
offside at h5 or g4. The natural reply is 17 . . . Nfd5 and then 18 Nxd5 
Nxd5 .
But that leaves White with a free hand to attack the kingside, which now 
has
only one defensive piece, the bishop at e7. Black might have to worry 
about an
immediate, forcing line, perhaps,  Ng5 Bxg5 4 Qh5, which threatens Qxh7+
and Qxf7+ Qxd7 as well as Qg5.
However, Garry Kasparov solved Black's kingside problems with virtually
no calculation. He replied} 17. ... Nfd5 18. Nxd5 exd5! {A good move which
gains necessary breathing space for Black's pieces. It's also forced since
18...Nxd5 would be strongly answered by 19.Ng5 Bxg5 20.Qh5 Bh6 21. Qxf7+ 
and 22.Qxd7.#} ( 18. ... Nxd5 19. Ng5 Bxg5 20. Qh5 f5! 21. exf6 Bxf6 22. 
Qxh7+ Kf8 23. Bd4 e5! ) 19. Re1 {Vishy intends to force Garry into a 
passive position with ...Be6 but the world champion finds a pawn sacrifice
to liberate his position. One of the ideas behind 19.Re1 is to be able to 
answer ...Nxd3 with Qxd3 and not worry about ...Bb5.Two alternatives, (1) 
19.Qd2 Nxd3 20.cxd3 h6 21. Rae1 (2) 19.Rf2, intending Raf1.} 19. ... h6 {A
good idea. As Kasparov explained in his analysis of the game; "Normally 
White wants to exchange dark-squared Bishops, but this position is an 
exception. Here Black wants to trade down to light-squared Bishop versus 
Knight because of the specifics of the situation - namely the weakness of 
the e and a pawns and the possiblity of B vs. N in the ending." Note that 
the immediate 19...Bd8? would be met by 20. Bxd8 and 21.Ng5.} ( 19. ... 
Bd8 20. Bxd8 Rexd8 21. Bxh7+ Kxh7 22. e6 fxe6 23. Ng5+ Kg6 24. Nxe6 Rc4 
25. Nxd8 ) 20. c3 Nxd3 21. Qxd3 {He was aiming for a positional edge. A 
well-placed White knight can
dominate Black's bad light-squared bishop. That can be an important, even
winning advantage in the hands of a good player.
But Black understood that what mattered most is whether the knight gets to
d4. If it does, it severely restricts the bishop at d7. If it doesn't, the
knight isn't
a big factor.
Once you realize this, it's easier to find
} 21. ... Bc5 {This temporary pawn sacrifice solves all of Black's 
problems.

General principles tell us
that the player with the two bishops should not trade one of them. But 5 .
. . .Bc5 !
stops the knight from enjoying his ideal outpost because 6 Bxc5 Rxc5 7 
Nd4? Rxe5 just drops a pawn.
Instead, White played} 22. Qxd5 Be6 {The natural 22...Bc6 would only leave
Black struggling for a draw after 23.Qxc5 Bxf3 24.Qf2.} ( 22. ... Bc6 23. 
Qxc5 Bxf3 24. Qd6 Bc6 25. Kg1 h5 ) 23. Qd2 {The queen sacrifice 23.Qxc5 
falls short after 23...Rxc5 24.Bxc5 Bd5! 25. Bd6 Qc8 26.Nd4 Qg4 27.Re2 
f6.#} ( 23. Qxc5 Rxc5 24. Bxc5 Bd5 25. Bd6 Qc8 26. Nd4 Qg4 27. Re2 f6 -+ )
23. ... Bxb6 24. axb6 Rc6 25. Ra4 {Kasparov praised this move. White 
activity or his weak e-pawn will leave him worse.} 25. ... Rxb6 {Drawn at 
Kasparov's suggestion. Anand's next move would be 26.Rd4 grabbing the 
d-file. This draw, the seventh in a row, equals the record for consecutive
draws at the start of a World Championship match. The other match to start
with seven draws, Karpov-Kortchnoi, Baguio City 1978, was contested with 
different conditions. The winner was to be the first player to win six 
games, draws not counting. So in a real sense the players did set a record
today, beating the six consecutives draws that marked the start of 
Petrosian-Spassky, Moscow 1966.} 1/2-1/2

[Event "RUS Ch"]
[Site "Elista RUS"]
[Date "1995.??.??"]
[Round "5"]
[White "Sorokin, Maxim"]
[Black "Belikov, Vladimir"]
[Result "1-0"]
[WhiteElo "2550"]
[BlackElo "2480"]
[EventDate "1995.10.??"]
[PlyCount "41"]
[EventType "swiss"]
[EventRounds "11"]
[EventCountry "RUS"]
[Source "ChessBase"]
[SourceDate "1996.02.01"]
[WhiteTeamCountry "GER"]
[BlackTeamCountry "GER"]

1. e4 c5 2. Nf3 Nc6 3. Bb5 e6 4. O-O Nge7 5. Re1 Nd4 6. Nxd4 cxd4 7. c3 a6
8. Ba4 Nc6 9. d3 Bc5 10. Nd2 b5 11. Bb3 {Bobby Fischer gave the highest 
praise to young players who had a clear idea
of their goals in a position. When he saw 16-year-old Ken Rogoff for the 
first
time, Fischer said what impressed him the most "was his self-assured style
and
his knowing exactly what he wanted over the chessboard."
What White wanted in the next example changed significantly from move to
move. That can happen even in a quiet position.

Black has spent several tempi in the opening to get his pieces to protect 
the
pawn at d4 (that knight on c6 came from g8 !).
White, in turn played c2-c3 to tempt 7 . . . dxc3 . Then 8 bxc3 would 
allow him to control d4 with a pawn. If he can follow up with d3-d4 ! , he
gains
important space and shuts out Black's bishop.
So, Black played the consistent} 11. ... Qb6 {which overprotects d4 and
threatens 2 . . . dxc3 and 3 . . .Bxf2+.
White shot back} 12. c4! {At first this looks inconsistent and ugly: It 
surrenders
the fight for d4 and makes his bishop on b3 into nothing more than a big 
pawn.
But White appreciated that 2 c4 ! renders Black's bishop and queen 
toothless.
It also means there is only one obvious target left on the board and it's 
a big one,
the Black kingside. After} 12. ... d6 13. Qg4! g6 14. cxb5 axb5 15. Nf3 D 
{Black has won the battle for d4. But that square has become virtually
meaningless. White's attack is what matters most.
With Bh6 or Bg5-f6 coming up, Black was in major trouble. The rest was} 
15. ... h6 16. Qh4 Qd8? ( 16. ... Bb4 17. Re2 Ne5 18. Nxe5 dxe5 19. Qf6 
Rh7 20. Qxe5 Bd6 21. Qf6 Bb7 ) 17. Bg5! Qb6 +- 18. Bf6 Rf8 19. Qxh6 Ba6 
20. Ng5 Ne5 21. Qg7 1-0

[Event "Enghien les Bains"]
[Site "Enghien les Bains FRA"]
[Date "2003.06.19"]
[Round "6"]
[White "Adams, Michael"]
[Black "Radjabov, Teimour"]
[Result "1-0"]
[WhiteElo "2723"]
[BlackElo "2644"]
[EventDate "2003.06.13"]
[Annotator "Golod,V"]
[PlyCount "57"]
[EventType "tourn"]
[EventRounds "9"]
[EventCountry "FRA"]
[EventCategory "17"]
[Source "ChessBase"]
[SourceDate "2003.09.25"]

1. e4 c5 2. Nf3 e6 3. d4 cxd4 4. Nxd4 Nf6 5. Nc3 Nc6 6. Nxc6 {McShane: 
'Black's move order often transposes to a Sveshnikov Sicilian, with an 
extra tempo 'wasted' by both sides after'} ( 6. Ndb5 {McShane} 6. ... d6 
7. Bf4 e5 8. Bg5 a6 9. Na3 b5 ) 6. ... bxc6 7. e5 Nd5 8. Ne4 Qc7 9. f4 {
McShane: 'In some ways the position is critical already, since if White 
can boot the knight from d5 and home in on the d6 square, he will be 
positionally winning.'} 9. ... Rb8?! {In the last years strong chess 
players do not go on this line, as it is considered as very dangerous for 
them. Besides, Black has three alternatives: McShane: 'I don't quite feel 
this is in the spirit of the position. Several games continued'} ( 9. ... 
Qa5+ {It's main line.See comments to Varga,Z-Filippov, V/Neum,2000/CBM 
80(1-0)(Golod,V)(28)} ) ( 9. ... Qb6!? {You can see comments to 
Felgaer,R-Rosito,J/Pinamar,2002/CBM 88(1-0)(Golod,V)(73)} 10. c4 {McShane}
10. ... Bb4+ 11. Ke2 {which is at the very least uncompromising!} ) ( {and
} 9. ... f5!? ) 10. Bd3 ( {Also were checked up in previous games:} 10. a3
) ( {and} 10. c4?! Bb4+ â†‘ ) 10. ... Qb6 ( {On:} 10. ... Ba6!? {you can 
find three games in Mega Database 2003.} ) 11. Qe2 ( {Recently was checked
up another continuation:} 11. a3!? Be7 ( 11. ... Ba6!? ) 12. Qe2 f5 13. 
Nf2 ( 13. Nd6+!? ) 13. ... Bc5 14. Nd1 d6 15. c4 += {
Naiditsch,A-Radjabov,T/Dortmund,2003 (1-0)(48)} ) 11. ... Be7 N {/\f5} ( {
Were checked in the preceding game:} 11. ... h5? 12. a3!? a5 13. c4 Nc7 
14. Rb1 Ba6 15. Be3 Qb3 16. O-O +/- {Van 
Leeuwen,E-Goossens,E/BEL,1992(1-0)(22)} ) ( 11. ... Nb4!? 12. Bc4 Ba6 ) 
12. c4?! {It's a discrepancy, which allows to improve the position of the 
Black's pieces.} ( {From my point of view,it was much better:} 12. a3 {
-transfers to 11.a3!?} ) 12. ... Bb4+? {Black did not use the discrepancy 
of the contender. It was not necessary to make this intermediate move:} ( 
12. ... f5! 13. Nd6+ ( 13. cxd5?! fxe4 14. Bxe4 Bb4+! ) ( 13. exf6 $143 
Nxf6 =+ ) 13. ... Bxd6 14. exd6 Qb4+ ( 14. ... Nb4?! 15. Bb1 c5 16. a3 Nc6
17. Bxf5 Nd4 18. Qh5+ Kf8 19. Bd3 Qxd6 ( 19. ... Nb3?! 20. f5! +/- ) 20. 
Rb1 += ) 15. Kd1 ( 15. Qd2?! Nxf4 16. Bf1 =/& ) 15. ... Nf6 16. Bxf5 = 
Qxd6+ 17. Bd3 ) 13. Kf1! {McShane: 'Here White is going to very little 
trouble for his positional gains, as compared with the line above.'} 
13. ... f5 {Now this progress is much worse, than on the previous move. 
McShane: 'Mixing things up a bit, as'} ( {Hardly is better:} 13. ... Nc7 
14. Be3 +/- {McShane: 'would be a strategical nightmare.'} ) ( 13. ... Ne7
? 14. a3 Bc5 15. b4 Bd4 16. Nd6+ Kf8 17. c5 +- ) 14. exf6 ( {Less 
essentially next continuation:} 14. Ng5 Nc7 ( 14. ... Ne7 $143 15. a3 Bc5 
16. b4 Bd4 17. Rb1 {+/=/+/-} ) 15. a3 ( 15. Rb1!? ) 15. ... Be7 16. b4 += 
) 14. ... Nxf6 â–¡ 15. Nxf6+! ( {Also good enough:} 15. Be3!? ) 15. ... 
gxf6 +/- {McShane: 'Black's central pawns are potentially useful, but at 
the moment the lack of cover for his king is the more salient feature.'} 
16. Be3 += {Position of White more preferably at the expense of the best 
pawn chain and location of the king.} 16. ... Qa5! ( 16. ... Qc7 ) ( 
16. ... Bc5?? {McShane} 17. Qh5+ {picks up a piece.} ) 17. Kf2 Be7 ( {It 
deserves attention:} 17. ... d6!? {/\Bc5} ) 18. c5! {McShane: 'A key move,
cementing White's positional advantage, and shattering Black's dreams of 
mobilizing his central phalanx.'} ( 18. a3!? ) 18. ... d5? {Again a 
dubious decision.} ( {Can be recommended:} 18. ... f5 ) ( {Impossibly:} 
18. ... Bxc5 {'??' McShane. in view of:} 19. Qh5+ {McShane: 'is the 
tactical justification for 18.c5!'} ) 19. cxd6 Bxd6 20. Rhd1 +/- {McShane:
'Now Black's pawns are very fragile, and once Adams has finished castling 
'by hand' all the advantages of a safer king become obvious.'} 20. ... Ke7
? {Black has weaknesses all over his side of the board. But it's hard to 
get at
them because he also has targets to attack, at b2 and f4, and he can use 
the
f2-b6 diagonal tactically.} ( 20. ... Qc7 21. Qh5+ Kf8 22. Qh6+ Qg7 23. 
Qxg7+ Kxg7 24. Be2 +/- ) 21. Kg1!? ( 21. Rac1! Rd8 ( 21. ... Qxa2 22. Ra1 
Qxb2 23. Rxa7+ Bd7 +- 24. Bc2 Qb5 25. Qd2 Qd5 26. Qc3 ) 22. Qg4 Rf8 ) 
21. ... Bc5 22. Bxc5+ {For White it is certainly favourable to exchange 
these bishops.} 22. ... Qxc5+ 23. Kh1! D {McShane: 'The next few moves are
very systematic, as White, with his king safe, gangs up against e6.'
___________________

White has played three more or less routine moves since the previous
diagram. But the position is no longer double-edged. White has a serious 
edge.
What made the difference? Of course, it's the White king. It is now out of
checking range. Once the king is no longer a factor, there's something 
else that
matters most, the insecure Black king and pawns.
White can hammer e6 with b2-b3 and Bc4. Or he can try to get his queen to
g7 via Qg4. Or he can look for action on the other wing with Rac1 .
Thanks to Kg1 - h1 the previously unclear position was won by White in a
few moves,} 23. ... Qb4?! ( {More stubborn resistance after:} 23. ... Qd4
!? 24. Qg4 f5 25. Qh4+ Qf6 26. Qf2! +/- ) 24. Qe3! {Black can not 
simultaneously protect all weaknesses. } ( 24. Bc4! Re8 25. f5 Kf8 26. 
fxe6 Qe7 27. Re1 Kg8 28. b3 ) 24. ... Qa5 ( 24. ... Qxb2?? 25. Rab1 +-- ) 
( 24. ... Qb6 25. Qg3 Kf7 26. b3 ) 25. b3 Bd7 26. Bc4 Rbd8 27. Re1 +- {
White perfectly uses the weakness of the Black's king and there is no 
protection against the numerous threats.} ( 27. Rxd7+ {(McShane) would be 
premature, as Black has good chances after} 27. ... Kxd7 28. Qxe6+ Kc7 29.
 Qxf6 Rhe8 ) 27. ... Qb6? ( 27. ... Qf5 R 28. Rad1 ) ( 27. ... Rhe8!? ) ( 
27. ... Kd6 28. f5 e5 29. Qh6 Kc7 ) 28. Qg3 Rdg8 ( 28. ... Rhg8 $143 29. 
Qh3 ) 29. Qh3 ( 29. Qh3 {McShane: 'There is no good way to defend e6, for 
example,'} 29. ... c5 {McShane} 30. Bxe6 Bxe6 31. f5 {sees White crashing 
through.} ) 1-0